| 000 | 00579nam a22001937a 4500 | ||
|---|---|---|---|
| 003 | DO-CoUTE | ||
| 005 | 20250120105739.0 | ||
| 008 | 250120b dr ||||| |||| 00| 0 spa d | ||
| 040 |
_aDO-CoUTE _bspa _cDO-CoUTE |
||
| 082 | _aR370.3G216 | ||
| 100 | 1 |
_aGarcia Hoz, Víctor _eautor |
|
| 245 | 1 | 2 |
_aDiccionario de pedagogía G-Z / _cVíctor Garcia Hoz |
| 260 |
_aBarcelona ; _blabor, _c1970 |
||
| 300 |
_a902 paginas : _c23 cm, |
||
| 504 | _aIncluye referencia bibliográfica e índice. | ||
| 650 | 4 | _aPedagogia | |
| 700 | 1 |
_aVíctor Garcia Hoz _eautor |
|
| 942 |
_2ddc _cBK |
||
| 999 |
_c23784 _d23784 |
||